| 000 | 01126nam a22002657a 4500 | ||
|---|---|---|---|
| 005 | 20170124103058.0 | ||
| 010 | _aA-145509 | ||
| 020 | _c35.00 | ||
| 035 | _aA-145509 | ||
| 037 | _bCen Lib/Ret | ||
| 040 |
_aDPL _bHN |
||
| 082 |
_aउ _bरंगाचा |
||
| 100 |
_aरंगाचार्य, आद्य _975626 |
||
| 245 |
_aप्रकृति-पुरुष / _cआद्य रंगाचार्य; अनुवादक बी.आर. नारायण |
||
| 246 |
_aPrakriti-purush / _bby Adhya Rangacharya; anuvadak B.R. Narayan |
||
| 260 |
_aदिल्ली _bशब्दकार _c1982 |
||
| 270 |
_bदिल्ली _a2203, गली-डकोतान, तुर्कमान गेट _e110006 |
||
| 300 |
_a327पृ. _c17सेमी (सजिल्द) |
||
| 650 |
_aसाहित्य--उपन्यास _975627 |
||
| 650 |
_aहिन्दी उपन्यास _975628 |
||
| 650 |
_aLiterature--Fiction _975629 |
||
| 650 |
_aHindi novel _975630 |
||
| 700 |
_aनारायण, बी.आर. _975631 |
||
| 942 |
_2ddc _cHN _hउ _mरंगाचा |
||
| 999 |
_c117598 _d117598 |
||